Jouets Toy story par images - Statistiques

Statistiques générales
  • Ce quiz a été pris 682 fois
  • Le résultat moyen est 11 sur 16
Statistiques - réponses
Par images Réponse % Correct
Buzz l'éclair
98%
Woody
98%
Barbie
91%
Monsieur Patate
90%
Madame Patate
89%
Rex
86%
Fourchette
84%
Zig-Zag
81%
Jessie
80%
Pil Poil
63%
Empereur Zurg
58%
Lotso
57%
Bayonne
49%
Aliens
46%
Siffly
43%
Papi Pépite
22%
Aucun quiz correspondant
Distribution des résultats
% des personnes avec chaque résultat
Percentile par nombre de réponses
Votre historique - résultats
Vous n’avez pas pris ce quiz